000 00343nam a2200121 4500
999 _c196135
_d196135
008 230531b ||||| |||| 00| 0 eng d
022 _a2632-4636
245 _aIndian journal of clinical cardiology
_cedited by B.Hygriv Rao
_hEnglish
260 _aNew Delhi
_bSage
_c2023
300 _avol.
_c28cm
440 _vvol.4
942 _2ddc
_cSR
_mIND
_s1